[Event "Odorheiu Secuiesc op"]
[Site "Odorheiu Secuiesc"]
[Date "1993.??.??"]
[Round "10"]
[White "Nicula, Marius"]
[Black "Serban Mitaru, Dan"]
[Result "1-0"]
[WhiteElo "2300"]
[BlackElo "2330"]
[PlyCount "119"]
[EventDate "1993.05.??"]
[EventType "swiss"]
[EventRounds "11"]
[EventCountry "ROU"]
[SourceTitle "TD"]
[Source "ChessBase"]
[SourceDate "1994.03.01"]
[SourceVersion "1"]
[SourceVersionDate "1994.03.01"]
[SourceQuality "1"]

1. d4 Nf6 2. c4 g6 3. Nf3 Bg7 4. g3 0-0 5. Bg2 d6 6. 0-0 Nbd7 7. Nc3 e5 8. e4 exd4 9. Nxd4 Re8 10. h3 a5 11. Be3 Nc5 12. Qc2 Qe7 13. Rfe1 c6 14. Rad1 Bd7 15. Bf4 d5 16. cxd5 cxd5 17. e5 Nh5 18. Nxd5 Qf8 19. Nc7 Nxf4 20. gxf4 Rac8 21. Nxe8 Qxe8 22. Qe2 Ne6 23. Nxe6 Bxe6 24. Bxb7 Rb8 25. Bg2 Bh6 26. Qd2 Qa4 27. b3 Qb5 28. Re4 Bf8 29. Rd4 Be7 30. Qd3 Qb6 31. Qf3 Bc5 32. R4d2 h5 33. Qc6 Qb4 34. Rd8+ Rxd8 35. Rxd8+ Kg7 36. Rd1 Ba7 37. Qe4 Qc3 38. Qd3 Qc5 39. Qf3 Qc2 40. Ra1 Qb2 41. Rf1 Qxa2 42. Qb7 Bd4 43. Bd5 Bxd5 44. Qxd5 Qd2 45. Qf3 Qc2 46. Kg2 h4 47. Re1 Bc3 48. Re2 Qc1 49. Qd3 Bb4 50. Re4 Qc6 51. Qf3 Qe6 52. Re2 Kh7 53. Rc2 Kg7 54. Rc6 Qf5 55. Rc4 Qd7 56. Qc6 Qf5 57. Qe4 Qd7 58. Rc6 Qe7 59. Qc4 g5 60. Rc7 1-0

[Event "Odorheiu Secuiesc op"]
[Site "Odorheiu Secuiesc"]
[Date "1993.??.??"]
[Round "3"]
[White "Serban Mitaru, Dan"]
[Black "Dodu, Petre"]
[Result "1/2-1/2"]
[WhiteElo "2330"]
[BlackElo "2295"]
[PlyCount "144"]
[EventDate "1993.05.??"]
[EventType "swiss"]
[EventRounds "11"]
[EventCountry "ROU"]
[SourceTitle "TD"]
[Source "ChessBase"]
[SourceDate "1994.03.01"]
[SourceVersion "1"]
[SourceVersionDate "1994.03.01"]
[SourceQuality "1"]

1. d4 Nf6 2. c4 d6 3. Nf3 g6 4. g3 Bg7 5. Bg2 0-0 6. 0-0 Nbd7 7. Nc3 e5 8. b3 Re8 9. Bb2 c6 10. d5 c5 11. e4 Nh5 12. Ne1 Ndf6 13. Nd3 Ng4 14. Bc1 f5 15. f3 Ngf6 16. Bd2 Rf8 17. Nf2 a6 18. Rb1 Bd7 19. a4 a5 20. Qe2 Rf7 21. Nb5 Ne8 22. exf5 Bxf5 23. Rbe1 Bd7 24. Ne4 Bxb5 25. axb5 h6 26. Bh3 Kh7 27. Be6 Rf8 28. Qd3 b6 29. f4 exf4 30. Bxf4 Nxf4 31. gxf4 Qh4 32. f5 gxf5 33. Qg3 Qxg3+ 34. Nxg3 f4 35. Bf5+ Kh8 36. Rxf4 Bd4+ 37. Kg2 Ng7 38. Ref1 Rf6 39. Bc2 Rxf4 40. Rxf4 Kg8 41. Ne4 Re8 42. Kf3 Nh5 43. Rg4+ Kh8 44. Rg6 Rf8+ 45. Kg4 Nf4 46. Rxh6+ Kg7 47. Rxd6 Ng2 48. Rd7+ Kh6 49. Bd3 Ne3+ 50. Kh3 Nxd5 51. cxd5 Rf3+ 52. Kg4 Rxd3 53. Rd6+ Kg7 54. Rxb6 Be5 55. Nxc5 Rxd5 56. Ne6+ Kf7 57. Ng5+ Ke7 58. h4 Kd7 59. h5 Bd4 60. Rb7+ Kc8 61. Rf7 Rxb5 62. Rf3 Rb6 63. Ne4 Re6 64. Ng3 Bb2 65. Nf5 Re4+ 66. Rf4 Rxf4+ 67. Kxf4 Kd7 68. Ne3 Ke6 69. Nc4 Bc3 70. Kg5 Kd5 71. Kf5 Kc5 72. h6 a4 1/2-1/2

[Event "Odorheiu Secuiesc op"]
[Site "Odorheiu Secuiesc"]
[Date "1993.??.??"]
[Round "6"]
[White "Serban Mitaru, Dan"]
[Black "Fugulyan, Grigore"]
[Result "1-0"]
[WhiteElo "2330"]
[BlackElo "2250"]
[PlyCount "119"]
[EventDate "1993.05.??"]
[EventType "swiss"]
[EventRounds "11"]
[EventCountry "ROU"]
[SourceTitle "TD"]
[Source "ChessBase"]
[SourceDate "1994.03.01"]
[SourceVersion "1"]
[SourceVersionDate "1994.03.01"]
[SourceQuality "1"]

1. d4 Nf6 2. c4 g6 3. Nc3 Bg7 4. Nf3 d6 5. e4 0-0 6. Be2 Nbd7 7. 0-0 e5 8. dxe5 dxe5 9. Qc2 c6 10. b4 Qc7 11. a4 a5 12. b5 Nh5 13. Ba3 Re8 14. g3 Bf8 15. Bxf8 Nxf8 16. Qd2 Bh3 17. Rfd1 Rad8 18. Qe3 Nf6 19. Rxd8 Rxd8 20. Qc5 N8d7 21. Qa7 cxb5 22. axb5 Nb6 23. Nd5 Nfxd5 24. exd5 Nxc4 25. Ng5 Bf5 26. Bxc4 Qxc4 27. Qxb7 Qxd5 28. Qe7 Rc8 29. g4 Bxg4 30. Re1 h6 31. Ne4 Qe6 32. Qh4 g5 33. Nf6+ Qxf6 34. Qxg4 Rc2 35. Qg2 e4 36. Qg3 Qd4 37. Rb1 Qb6 38. h4 Rc5 39. Qe3 gxh4 40. Kh1 h3 41. Rg1+ Kf8 42. Rb1 a4 43. Qa3 e3 44. Qxe3 Qb7+ 45. f3 Rg5 46. b6 h2 47. Rd1 Qb8 48. Qd4 Rg1+ 49. Rxg1 hxg1Q+ 50. Qxg1 Qa8 51. Qc5+ Ke8 52. Qe5+ Kd7 53. Qc7+ Ke6 54. b7 Qa6 55. Qc8+ Kf6 56. Qd8+ Kg7 57. Qd4+ f6 58. Qg4+ Kf7 59. b8Q Qf1+ 60. Kh2 1-0